| 000 | 00739nam a2200241 4500 | ||
|---|---|---|---|
| 003 | OSt | ||
| 005 | 20260601193842.0 | ||
| 008 | 260421b1980 sp a|||| |||| 00| 0 spa d | ||
| 020 | _a842520951X | ||
| 040 |
_aICI _bspa _cICI |
||
| 050 |
_aT20 _bC75 |
||
| 100 | 1 |
_aCross, Nigel, _eautor |
|
| 245 | 1 |
_aDiseñando el futuro : _bTextos de la open university / _cNigel cross, David elliott, robin roy ; version castellana de Cristina holm |
|
| 264 | 1 |
_bGustavo Gili, _c1980 _aBarcelona : |
|
| 300 | _a166 páginas | ||
| 336 |
_atexto _2rdacontent |
||
| 337 |
_asin medio _2rdamedia |
||
| 338 |
_avolumen _2rdacarrier |
||
| 650 | 0 | _aPredicciones tecnológicas | |
| 700 | _aRoy, Robin | ||
| 700 | 1 |
_aElliott, David, _d1943- |
|
| 942 |
_2lcc _cB _n1 |
||
| 999 |
_c21475 _d21475 |
||